[Event "IND-ch Women 2019"]
[Site "Karaikkudi"]
[Date "2019.07.20"]
[Round "3.2"]
[White "Kulkarni Bhakti"]
[Black "Saranya, J."]
[Result "1-0"]
[WhiteElo "2388"]
[BlackElo "2067"]
[Annotator "NA RC"]
[PlyCount "111"]
[EventDate "2019.07.19"]
[EventType "swiss"]
[EventCountry "IND"]
[SourceTitle "playchess.com"]
[Source "ChessBase"]
[SourceQuality "1"]
[TimeControl "40/5400+30:1800+30"]

1. d4 {[%emt 0:00:00]} Nf6 {[%emt 0:00:00]} 2. c4 {[%emt 0:00:05]} g6 {[%emt 0:00:00]} 3. Nc3 {[%emt 0:00:13]} Bg7 {[%emt 0:00:00]} 4. e4 {[%emt 0:00:22]} d6 {[%emt 0:00:06]} 5. Bd3 {[%emt 0:00:24]} O-O {[%emt 0:01:21]} 6. Nge2 {[%emt 0:00:09]} c5 {[%emt 0:02:53]} 7. d5 {[%emt 0:00:07]} e6 {[%emt 0:00:36]} 8. h3 {[%emt 0:00:11]} exd5 {[%emt 0:00:32]} 9. cxd5 {[%emt 0:00:23]} Re8 {[%emt 0:00:57]} 10. O-O {[%emt 0:01:21]} Nbd7 {[%emt 0:02:44]} 11. Ng3 {[%emt 0:07:32]} Qe7 $14 {[%emt 0:08:59]} 12. Re1 {[%emt 0:08:55]} a6 {[%emt 0:03:01]} 13. a4 {[%emt 0:00:26]} Qf8 {[%emt 0:01:02]} 14. Be3 {[%emt 0:07:29]} h5 {[%emt 0:05:33]} 15. f4 {[%emt 0:03:12]} h4 {[%emt 0:06:14]} 16. Nf1 {[%emt 0:00:19]} Nh5 {[%emt 0:00:46]} 17. Qf3 {[%emt 0:08:10]} Rb8 {[%emt 0:05:33]} 18. Qf2 {[%emt 0:04:41]} Bf6 {[%emt 0:02:45]} 19. Be2 {[%emt 0:07:32]} Ng7 {[%emt 0:01:54]} 20. Bg4 {[%emt 0:06:18]} Bd8 {[%emt 0:13:06]} 21. e5 {[%emt 0:06:12]} f5 {[%emt 0:03:53]} 22. exf6 {[%emt 0:07:27]} Bxf6 {[%emt 0:02:02]} 23. Nd2 {[%emt 0:02:48]} Nf5 {[%emt 0:06:50]} 24. Bxf5 {[%emt 0:04:02]} gxf5 {[%emt 0:00:09]} 25. Nf3 {[%emt 0:01:48]} Qh6 {[%emt 0:04:32]} 26. Bd2 {[%emt 0:00:29]} Rd8 {[%emt 0:05:42]} 27. Ng5 {[%emt 0:07:35]} Nf8 {[%emt 0:01:09]} 28. Re2 {[%emt 0:02:38]} Bd7 {[%emt 0:01:27]} 29. Rae1 {[%emt 0:00:05]} Re8 {[%emt 0:04:18]} 30. Rxe8 {[%emt 0:03:00]} Rxe8 {[%emt 0:00:12]} 31. Rxe8 {[%emt 0:00:22]} Bxe8 {[%emt 0:00:05]} 32. Qe1 {[%emt 0:00:29]} Bf7 {[%emt 0:01:17]} 33. Nxf7 {[%emt 0:01:41]} Kxf7 {[%emt 0:03:23]} 34. Qb1 {[%emt 0:02:10]} Bd4+ {[%emt 0:00:42]} 35. Kh1 {[%emt 0:00:03]} Qf6 {[%emt 0:00:38]} 36. a5 {[%emt 0:02:24]} Ng6 {[%emt 0:02:05]} 37. Qc2 {[%emt 0:00:10]} Ne7 {[%emt 0:06:28]} 38. Qb3 {[%emt 0:00:25]} Bxc3 {[%emt 0:02:47]} 39. Bxc3 {[%emt 0:03:06]} Qh6 {[%emt 0:00:55]} 40. Qxb7 {[%emt 0:00:00]} Qxf4 {[%emt 0:00:00]} 41. Qxa6 {[%emt 0:04:20]} Nxd5 {[%emt 0:04:42]} 42. Qd3 {[%emt 0:08:11]} Nc7 {[%emt 0:10:26]} 43. Bd2 {[%emt 0:02:08]} Qe5 {[%emt 0:04:21]} 44. Qc4+ {[%emt 0:01:41]} Ke8 {[%emt 0:01:36]} 45. Qa4+ {[%emt 0:02:28]} Kd8 {[%emt 0:03:21]} 46. Qxh4+ {[%emt 0:04:08]} Kc8 {[%emt 0:00:08]} 47. Bc3 {[%emt 0:00:16]} Qe3 {[%emt 0:02:20]} 48. Qa4 {[%emt 0:02:59]} d5 {[%emt 0:03:06]} 49. Qc2 {[%emt 0:01:40]} f4 {[%emt 0:03:54]} 50. Bd2 {[%emt 0:00:47]} Qe2 {[%emt 0:01:28]} 51. Qf5+ {[%emt 0:03:13]} Qe6 {[%emt 0:01:50]} 52. Qxf4 {[%emt 0:04:09]} Kb7 {[%emt 0:00:08]} 53. h4 {[%emt 0:00:35]} Qe2 {[%emt 0:01:20]} 54. Qe3 {[%emt 0:00:58]} Qd1+ {[%emt 0:00:43]} 55. Kh2 {[%emt 0:00:08]} d4 {[%emt 0:00:14]} 56. Qf3+ {[%emt 0:00:41]} 1-0

[Event "IND-ch Women 2019"]
[Site "Karaikkudi"]
[Date "2019.07.20"]
[Round "3.3"]
[White "Kiran, Manisha Mohanty"]
[Black "Divya Deshmukh"]
[Result "1/2-1/2"]
[WhiteElo "2054"]
[BlackElo "2373"]
[Annotator "NA"]
[PlyCount "57"]
[EventDate "2019.07.19"]
[EventType "swiss"]
[EventCountry "IND"]
[SourceTitle "playchess.com"]
[Source "ChessBase"]
[SourceQuality "1"]
[TimeControl "40/5400+30:1800+30"]

1. e4 {[%emt 0:00:36]} c5 {[%emt 0:00:00]} 2. Nf3 {[%emt 0:00:05]} d6 {[%emt 0:00:00]} 3. d4 {[%emt 0:00:08]} cxd4 {[%emt 0:00:00]} 4. Nxd4 {[%emt 0:00:06]} Nf6 {[%emt 0:00:00]} 5. Nc3 {[%emt 0:00:08]} a6 {[%emt 0:00:00]} 6. Bg5 {[%emt 0:00:07]} Nbd7 {[%emt 0:00:00]} 7. Qe2 {[%emt 0:00:07]} e6 {[%emt 0:00:14]} 8. O-O-O {[%emt 0:00:08]} Qc7 {[%emt 0:00:03]} 9. Kb1 {[%emt 0:00:11]} b5 {[%emt 0:00:13]} 10. a3 {[%emt 0:00:08]} Be7 {[%emt 0:00:04]} 11. h4 {[%emt 0:00:05]} Bb7 {[%emt 0:00:11]} 12. Rh3 {[%emt 0:00:21]} O-O {[%emt 0:06:05]} 13. g4 {[%emt 0:00:58]} Rfe8 {[%emt 0:01:35]} 14. f4 $14 {[%emt 0:08:22]} Rac8 {[%emt 0:13:50]} 15. h5 {[%emt 0:07:13]} Qb6 {[%emt 0:09:43]} 16. Bg2 {[%emt 0:05:01]} Rc4 {[%emt 0:00:48]} 17. Nb3 {[%emt 0:02:14]} Rc7 {[%emt 0:23:25]} 18. Bh4 {[%emt 0:03:17]} b4 {[%emt 0:09:52]} 19. axb4 {[%emt 0:04:33]} Rec8 {[%emt 0:05:21]} 20. g5 {[%emt 0:03:12]} Ne8 {[%emt 0:00:12]} 21. f5 {[%emt 0:12:23]} Qxb4 {[%emt 0:04:41]} 22. fxe6 {[%emt 0:05:47]} fxe6 {[%emt 0:00:11]} 23. Qg4 {[%emt 0:00:32]} Nf8 {[%emt 0:01:51]} 24. Rf1 {[%emt 0:08:52]} d5 {[%emt 0:03:28]} 25. Be1 {[%emt 0:06:54]} Qc4 {[%emt 0:05:52]} 26. Na5 {[%emt 0:07:02]} Qc5 {[%emt 0:00:42]} 27. Nb3 {[%emt 0:00:38]} Qc4 {[%emt 0:00:12]} 28. Na5 {[%emt 0:00:32]} Qc5 {[%emt 0:00:11]} 29. Nb3 {[%emt 0:02:03]} 1/2-1/2

[Event "IND-ch Women 2019"]
[Site "Karaikkudi"]
[Date "2019.07.20"]
[Round "3.4"]
[White "Meenal Gupta"]
[Black "Nandhidhaa, P V"]
[Result "0-1"]
[WhiteElo "2004"]
[BlackElo "2259"]
[Annotator "NA"]
[PlyCount "66"]
[EventDate "2019.07.19"]
[EventType "swiss"]
[EventCountry "IND"]
[SourceTitle "playchess.com"]
[Source "ChessBase"]
[SourceQuality "1"]
[TimeControl "40/5400+30:1800+30"]

1. e4 {[%emt 0:00:00]} c5 {[%emt 0:00:00]} 2. Nf3 {[%emt 0:00:00]} e6 {[%emt 0:00:00]} 3. d4 {[%emt 0:00:01]} cxd4 {[%emt 0:00:00]} 4. Nxd4 {[%emt 0:00:05]} Nc6 {[%emt 0:00:00]} 5. Nxc6 {[%emt 0:00:06]} bxc6 {[%emt 0:00:03]} 6. Bd3 {[%emt 0:00:07]} Nf6 {[%emt 0:00:12]} 7. Nd2 {[%emt 0:00:07]} d5 {[%emt 0:00:07]} 8. O-O {[%emt 0:00:39]} Qc7 {[%emt 0:00:07]} 9. Qe2 {[%emt 0:04:07]} Bd6 {[%emt 0:00:06]} 10. h3 {[%emt 0:08:25]} O-O {[%emt 0:00:24]} 11. b3 $11 {[%emt 0:09:25]} e5 {[%emt 0:00:45]} 12. a4 {[%emt 0:03:00]} (12. Bb2 $11 {keeps the balance.}) 12... Qe7 {[%emt 0:12:32]} 13. Bb2 {[%emt 0:02:39]} Re8 {[%emt 0:00:21]} 14. Rfd1 {[%emt 0:01:51]} Bb7 {[%emt 0:04:42]} 15. a5 {[%emt 0:05:26]} Rad8 {[%emt 0:01:25]} 16. a6 {[%emt 0:04:59]} Bc8 {[%emt 0:00:09]} 17. Bc3 {[%emt 0:03:45]} Bc7 {[%emt 0:06:20]} 18. Ba5 {[%emt 0:03:32]} g6 {[%emt 0:02:34]} 19. Bxc7 {[%emt 0:09:35]} Qxc7 {[%emt 0:00:18]} 20. Qf3 {[%emt 0:00:21]} Nh5 {[%emt 0:03:10]} 21. Bf1 {[%emt 0:04:34]} Nf4 {[%emt 0:01:08]} 22. g3 {[%emt 0:03:52]} Ne6 {[%emt 0:01:36]} 23. Qe3 {[%emt 0:10:37]} Nd4 {[%emt 0:04:02]} 24. Rdc1 {[%emt 0:00:07]} Qe7 {[%emt 0:07:22]} 25. c4 {[%emt 0:03:31]} dxe4 {[%emt 0:02:25]} 26. Nxe4 {[%emt 0:01:06]} f5 {[%emt 0:00:57]} 27. Nd2 {[%emt 0:01:01]} f4 {[%emt 0:14:08]} 28. gxf4 {[%emt 0:02:45]} Nf5 {[%emt 0:07:49]} 29. Qc3 {[%emt 0:00:06]} Qh4 {[%emt 0:05:27]} 30. Ne4 {[%emt 0:01:27]} Rf8 {[%emt 0:04:03]} 31. fxe5 {[%emt 0:05:15]} Qxe4 {[%emt 0:01:21]} 32. Bg2 {[%emt 0:00:30]} Qf4 {[%emt 0:00:34]} 33. Bxc6 {[%emt 0:00:16]} Nd4 {[%emt 0:00:28]} 0-1

[Event "IND-ch Women 2019"]
[Site "Karaikkudi"]
[Date "2019.07.20"]
[Round "3.5"]
[White "Vantika Agrawal"]
[Black "Bala Kannamma P"]
[Result "1-0"]
[WhiteElo "2243"]
[BlackElo "2051"]
[Annotator "NA"]
[PlyCount "79"]
[EventDate "2019.07.19"]
[EventType "swiss"]
[EventCountry "IND"]
[SourceTitle "playchess.com"]
[Source "ChessBase"]
[SourceQuality "1"]
[TimeControl "40/5400+30:1800+30"]

1. d4 {[%emt 0:00:00]} Nf6 {[%emt 0:00:48]} 2. c4 {[%emt 0:00:00]} g6 {[%emt 0:00:41]} 3. g3 {[%emt 0:00:02]} Bg7 {[%emt 0:00:10]} 4. Bg2 {[%emt 0:00:04]} O-O {[%emt 0:00:10]} 5. Nf3 {[%emt 0:00:04]} c6 {[%emt 0:02:45]} 6. O-O {[%emt 0:00:53]} d5 {[%emt 0:00:11]} 7. Qb3 {[%emt 0:00:44]} Qb6 {[%emt 0:07:50]} 8. Nc3 {[%emt 0:00:28]} Qxb3 $18 {[%emt 0:05:56]} (8... Qb5 $2 {[%emt 1:21:25][%mdl 8192]}) (8... Rd8 $11) 9. axb3 {[%emt 0:00:10]} Rd8 {[%emt 0:09:46]} 10. Bf4 {[%emt 0:03:37]} Bf5 {[%emt 0:11:56]} 11. Rfc1 {[%emt 0:02:02]} Na6 {[%emt 0:08:02]} 12. h3 {[%emt 0:04:57]} h6 {[%emt 0:01:58]} 13. g4 {[%emt 0:05:15]} Be6 {[%emt 0:00:37]} 14. c5 {[%emt 0:02:01]} Ne8 {[%emt 0:07:40]} 15. e3 {[%emt 0:04:55]} g5 {[%emt 0:07:57]} 16. Bg3 {[%emt 0:00:43]} f5 {[%emt 0:05:36]} 17. gxf5 {[%emt 0:06:15]} Bxf5 {[%emt 0:00:24]} 18. Bf1 {[%emt 0:01:07]} Nac7 {[%emt 0:07:37]} 19. b4 {[%emt 0:02:19]} Bf6 {[%emt 0:05:38]} 20. Kh2 {[%emt 0:08:19]} b5 {[%emt 0:02:31]} 21. Ne5 {[%emt 0:04:53]} Bxe5 {[%emt 0:00:38]} 22. Bxe5 {[%emt 0:00:06]} e6 {[%emt 0:02:43]} 23. Be2 {[%emt 0:04:20]} Kh7 {[%emt 0:00:52]} 24. Rg1 {[%emt 0:16:08]} Rd7 {[%emt 0:00:03]} 25. Rg2 {[%emt 0:01:40]} Ng7 {[%emt 0:00:05]} 26. h4 {[%emt 0:02:59]} gxh4 {[%emt 0:00:32]} 27. Rag1 {[%emt 0:00:09]} Nce8 {[%emt 0:04:14]} 28. Nxb5 {[%emt 0:03:22]} h3 {[%emt 0:03:50]} 29. Rg3 {[%emt 0:00:24]} cxb5 {[%emt 0:00:41]} 30. Bxb5 {[%emt 0:00:11]} Rf7 {[%emt 0:00:06]} 31. Bxe8 {[%emt 0:00:34]} Nxe8 {[%emt 0:00:08]} 32. Rg8 {[%emt 0:00:11]} Nf6 {[%emt 0:00:17]} 33. Rxa8 {[%emt 0:00:27]} Ng4+ {[%emt 0:00:06]} 34. Rxg4 {[%emt 0:02:45]} Bxg4 {[%emt 0:00:03]} 35. f4 {[%emt 0:00:11]} Rb7 {[%emt 0:01:12]} 36. Kg3 {[%emt 0:19:22]} h5 {[%emt 0:01:52]} 37. c6 {[%emt 0:00:52]} Rxb4 {[%emt 0:02:04]} 38. c7 {[%emt 0:00:22]} h4+ {[%emt 0:00:19]} 39. Kxg4 {[%emt 0:00:24]} h2 {[%emt 0:00:09]} 40. Kg5 {[%emt 0:06:45]} 1-0

[Event "IND-ch Women 2019"]
[Site "Karaikkudi"]
[Date "2019.07.20"]
[Round "3.6"]
[White "Michelle Catherina, P."]
[Black "Ramaswamy, Aarthie"]
[Result "1/2-1/2"]
[WhiteElo "2226"]
[BlackElo "2020"]
[Annotator "NA"]
[PlyCount "99"]
[EventDate "2019.07.19"]
[EventType "swiss"]
[EventCountry "IND"]
[SourceTitle "playchess.com"]
[Source "ChessBase"]
[SourceQuality "1"]
[TimeControl "40/5400+30:1800+30"]

1. e4 {[%emt 0:00:48]} c5 {[%emt 0:00:00]} 2. Nf3 {[%emt 0:00:11]} Nc6 {[%emt 0:00:00]} 3. d4 {[%emt 0:00:11]} cxd4 {[%emt 0:00:00]} 4. Nxd4 {[%emt 0:00:04]} Nf6 {[%emt 0:00:19]} 5. Nc3 {[%emt 0:00:11]} d6 {[%emt 0:00:05]} 6. g3 {[%emt 0:00:09]} e5 {[%emt 0:03:32]} 7. Nde2 {[%emt 0:00:17]} Be7 {[%emt 0:02:30]} 8. Bg2 {[%emt 0:01:10]} O-O {[%emt 0:01:03]} 9. O-O {[%emt 0:02:02]} a6 {[%emt 0:02:07]} 10. a4 {[%emt 0:06:01]} Nb4 {[%emt 0:16:14]} 11. Nd5 {[%emt 0:25:04]} Nbxd5 {[%emt 0:15:01]} 12. exd5 {[%emt 0:00:08]} Bf5 {[%emt 0:01:12]} 13. c3 {[%emt 0:07:11]} a5 {[%emt 0:04:15]} 14. c4 {[%emt 0:07:55]} Nd7 {[%emt 0:03:04]} 15. Nc3 {[%emt 0:02:25]} Bg5 {[%emt 0:10:53]} 16. Be3 {[%emt 0:14:37]} Rc8 {[%emt 0:06:29]} 17. Nb5 {[%emt 0:03:57]} Be7 {[%emt 0:01:41]} 18. Qe2 {[%emt 0:04:15]} Nc5 {[%emt 0:02:32]} 19. Rfd1 {[%emt 0:00:52]} h6 {[%emt 0:05:50]} 20. h4 {[%emt 0:02:35]} Bh7 {[%emt 0:04:55]} 21. Bh3 {[%emt 0:04:09]} f5 {[%emt 0:01:10]} 22. Ra3 {[%emt 0:04:29]} Bf6 {[%emt 0:05:12]} 23. Na7 {[%emt 0:04:29]} Rc7 {[%emt 0:01:55]} 24. Nb5 {[%emt 0:02:44]} Rc8 {[%emt 0:00:03]} 25. Na7 {[%emt 0:01:06]} Rc7 {[%emt 0:00:01]} 26. Bd2 {[%emt 0:00:43]} Rcf7 {[%emt 0:08:37]} 27. Qe1 {[%emt 0:00:45]} f4 {[%emt 0:02:40]} 28. Bxa5 {[%emt 0:02:23]} b6 {[%emt 0:00:01]} 29. Nc6 {[%emt 0:00:06]} Qc7 {[%emt 0:00:22]} 30. Bb4 {[%emt 0:01:43]} fxg3 {[%emt 0:01:10]} 31. fxg3 {[%emt 0:00:36]} e4 {[%emt 0:00:39]} 32. Nd4 {[%emt 0:01:37]} Nd3 {[%emt 0:00:56]} 33. Raxd3 {[%emt 0:00:54]} exd3 {[%emt 0:00:02]} 34. Ne6 {[%emt 0:00:36]} Qxc4 {[%emt 0:00:51]} 35. Nxf8 {[%emt 0:00:30]} Rxf8 {[%emt 0:01:26]} 36. Be6+ {[%emt 0:00:23]} Kh8 {[%emt 0:00:04]} 37. Bc3 {[%emt 0:00:37]} Bd4+ {[%emt 0:00:18]} 38. Kh2 {[%emt 0:00:33]} Bxc3 {[%emt 0:00:57]} 39. Qxc3 {[%emt 0:00:30]} Rf2+ {[%emt 0:00:48]} 40. Kg1 {[%emt 0:00:00]} Qxc3 {[%emt 0:00:00]} 41. bxc3 {[%emt 0:00:55]} Rc2 {[%emt 0:08:04]} 42. Rf1 {[%emt 0:11:19]} g5 {[%emt 0:06:41]} 43. h5 {[%emt 0:04:01]} Bg8 {[%emt 0:11:36]} 44. Rf8 {[%emt 0:04:51]} Rc1+ {[%emt 0:00:05]} 45. Kg2 {[%emt 0:00:23]} d2 {[%emt 0:00:19]} 46. Rxg8+ {[%emt 0:00:30]} Kh7 {[%emt 0:00:03]} 47. Rf8 {[%emt 0:00:41]} d1=Q {[%emt 0:07:48]} 48. Rf7+ {[%emt 0:00:07]} Kg8 {[%emt 0:00:00]} 49. Rf6+ {[%emt 0:00:09]} Kg7 {[%emt 0:00:00]} 50. Rf7+ {[%emt 0:00:04]} 1/2-1/2

[Event "IND-ch Women 2019"]
[Site "Karaikkudi"]
[Date "2019.07.20"]
[Round "3.7"]
[White "Jyothsna L"]
[Black "Mohota, Nisha"]
[Result "1/2-1/2"]
[WhiteElo "1939"]
[BlackElo "2221"]
[Annotator "NA"]
[PlyCount "65"]
[EventDate "2019.07.19"]
[EventType "swiss"]
[EventCountry "IND"]
[SourceTitle "playchess.com"]
[Source "ChessBase"]
[SourceQuality "1"]
[TimeControl "40/5400+30:1800+30"]

1. d4 {[%emt 0:00:50]} Nf6 {[%emt 0:00:38]} 2. Nf3 {[%emt 0:00:03]} e6 {[%emt 0:00:06]} 3. c4 {[%emt 0:00:07]} Bb4+ {[%emt 0:00:03]} 4. Bd2 {[%emt 0:00:16]} a5 {[%emt 0:00:12]} 5. a3 {[%emt 0:01:12]} Bxd2+ {[%emt 0:02:33]} 6. Qxd2 {[%emt 0:00:03]} b6 {[%emt 0:01:05]} 7. Nc3 {[%emt 0:00:23]} Bb7 {[%emt 0:00:49]} 8. g3 {[%emt 0:10:27]} Bxf3 {[%emt 0:17:16]} 9. exf3 {[%emt 0:01:20]} O-O {[%emt 0:00:07]} 10. Bg2 {[%emt 0:00:41]} d5 {[%emt 0:01:06]} 11. f4 {[%emt 0:03:11]} c6 {[%emt 0:04:29]} 12. cxd5 {[%emt 0:01:10]} exd5 {[%emt 0:00:39]} 13. O-O {[%emt 0:00:24]} Qd6 {[%emt 0:00:35]} 14. Rfe1 {[%emt 0:07:11]} Nbd7 {[%emt 0:00:47]} 15. Rac1 {[%emt 0:14:44]} b5 {[%emt 0:04:29]} 16. a4 {[%emt 0:06:51]} Rfb8 {[%emt 0:07:06]} 17. axb5 {[%emt 0:09:02]} cxb5 {[%emt 0:00:05]} 18. Qd3 {[%emt 0:06:21]} b4 {[%emt 0:01:43]} 19. Na4 {[%emt 0:04:52]} Re8 {[%emt 0:06:38]} 20. Rxe8+ {[%emt 0:08:10]} Rxe8 {[%emt 0:02:27]} 21. Qb5 {[%emt 0:04:31]} Nf8 {[%emt 0:14:42]} 22. Qxa5 {[%emt 0:06:16]} Ne6 {[%emt 0:01:35]} 23. Qb6 {[%emt 0:07:27]} Qf8 {[%emt 0:02:16]} 24. Rd1 {[%emt 0:03:22]} Rb8 {[%emt 0:05:02]} 25. Qc6 {[%emt 0:00:14]} Rc8 {[%emt 0:00:32]} 26. Qb5 {[%emt 0:00:28]} Qd6 {[%emt 0:10:45]} 27. f5 {[%emt 0:01:29]} Ng5 {[%emt 0:01:04]} 28. Nc5 {[%emt 0:00:21]} Rb8 {[%emt 0:02:43]} 29. Qd3 {[%emt 0:00:58]} h5 {[%emt 0:01:31]} 30. h4 {[%emt 0:00:32]} Ngh7 {[%emt 0:00:07]} 31. Qb3 {[%emt 0:01:18]} Nf8 {[%emt 0:01:10]} 32. Rc1 {[%emt 0:00:36]} N8d7 {[%emt 0:01:02]} 33. Bf3 {[%emt 0:00:22]} 1/2-1/2

[Event "IND-ch Women 2019"]
[Site "Karaikkudi"]
[Date "2019.07.20"]
[Round "3.8"]
[White "Meenakshi Subbaraman"]
[Black "Nandhini, Saripalli"]
[Result "1/2-1/2"]
[WhiteElo "2163"]
[BlackElo "1933"]
[Annotator "NA"]
[PlyCount "77"]
[EventDate "2019.07.19"]
[EventType "swiss"]
[EventCountry "IND"]
[SourceTitle "playchess.com"]
[Source "ChessBase"]
[SourceQuality "1"]
[TimeControl "40/5400+30:1800+30"]

1. d4 {[%emt 0:00:00]} Nf6 {[%emt 0:06:05]} 2. c4 {[%emt 0:00:37]} e6 {[%emt 0:00:18]} 3. Nf3 {[%emt 0:00:09]} c5 {[%emt 0:01:28]} 4. Nc3 {[%emt 0:00:40]} cxd4 {[%emt 0:02:30]} 5. Nxd4 {[%emt 0:00:02]} Bc5 {[%emt 0:01:17]} 6. Nb3 {[%emt 0:04:21]} Bb4 {[%emt 0:02:26]} 7. Bd2 {[%emt 0:04:14]} O-O {[%emt 0:10:32]} 8. Qc2 {[%emt 0:02:23]} d5 {[%emt 0:06:04]} 9. e3 {[%emt 0:03:55]} b6 {[%emt 0:05:08]} 10. cxd5 {[%emt 0:02:36]} Bxc3 {[%emt 0:03:22]} 11. Bxc3 {[%emt 0:05:45]} Nxd5 {[%emt 0:00:24]} 12. Bd3 {[%emt 0:00:47]} Qh4 {[%emt 0:10:38]} 13. g3 {[%emt 0:03:38]} Qh3 {[%emt 0:06:22]} 14. Bf1 {[%emt 0:04:38]} Qh5 {[%emt 0:01:33]} 15. Bg2 {[%emt 0:00:48]} Bb7 {[%emt 0:06:50]} 16. O-O {[%emt 0:00:50]} Nd7 {[%emt 0:04:47]} 17. Nd4 {[%emt 0:18:52]} Rac8 {[%emt 0:04:35]} 18. Qe2 {[%emt 0:02:09]} Qxe2 {[%emt 0:03:12]} 19. Nxe2 {[%emt 0:00:03]} Nxc3 {[%emt 0:01:04]} 20. Nxc3 {[%emt 0:00:14]} Bxg2 {[%emt 0:01:01]} 21. Kxg2 {[%emt 0:00:03]} Ne5 {[%emt 0:02:06]} 22. a4 {[%emt 0:24:21]} Nc4 {[%emt 0:07:16]} 23. Nb5 {[%emt 0:00:21]} a6 {[%emt 0:02:11]} 24. Nd4 {[%emt 0:00:40]} Nxb2 {[%emt 0:00:57]} 25. Rfb1 {[%emt 0:05:50]} Nc4 {[%emt 0:00:03]} 26. Ra2 {[%emt 0:00:52]} g6 {[%emt 0:00:57]} 27. Nc2 {[%emt 0:01:39]} Rfd8 {[%emt 0:02:20]} 28. Nd4 {[%emt 0:03:00]} Rd7 {[%emt 0:03:15]} 29. Rb4 {[%emt 0:01:05]} Rc5 {[%emt 0:01:46]} 30. Kh3 {[%emt 0:02:14]} Rh5+ {[%emt 0:01:40]} 31. Kg2 {[%emt 0:08:44]} Rc5 {[%emt 0:00:03]} 32. h4 {[%emt 0:00:00]} h5 {[%emt 0:00:55]} 33. Kf1 {[%emt 0:00:00]} Kg7 {[%emt 0:01:31]} 34. Ke2 {[%emt 0:00:00]} Kf6 {[%emt 0:01:01]} 35. Nb3 {[%emt 0:00:00]} Rc6 {[%emt 0:00:26]} 36. Nd4 {[%emt 0:00:00]} Rc5 {[%emt 0:00:02]} 37. Nb3 {[%emt 0:00:00]} Rc6 {[%emt 0:00:02]} 38. Nd4 {[%emt 0:01:24]} Ke5 {[%emt 0:02:53]} 39. Ke1 1/2-1/2

[Event "IND-ch Women 2019"]
[Site "Karaikkudi"]
[Date "2019.07.20"]
[Round "3.9"]
[White "Jain Nityata"]
[Black "Sunyuktha C M N"]
[Result "1-0"]
[WhiteElo "2135"]
[BlackElo "1815"]
[Annotator "NA"]
[PlyCount "99"]
[EventDate "2019.07.19"]
[EventType "swiss"]
[EventCountry "IND"]
[SourceTitle "playchess.com"]
[Source "ChessBase"]
[SourceQuality "1"]
[TimeControl "40/5400+30:1800+30"]

1. e4 {[%emt 0:00:00]} c5 {[%emt 0:00:19]} 2. Nf3 {[%emt 0:00:00]} d6 {[%emt 0:00:04]} 3. Bb5+ {[%emt 0:00:00]} Nd7 {[%emt 0:01:20]} 4. O-O {[%emt 0:00:01]} a6 {[%emt 0:00:28]} 5. Bd3 {[%emt 0:00:06]} Ngf6 {[%emt 0:02:10]} 6. Re1 {[%emt 0:00:07]} e6 {[%emt 0:03:49]} 7. c3 {[%emt 0:00:35]} Be7 {[%emt 0:10:11]} 8. Bc2 {[%emt 0:01:18]} O-O {[%emt 0:02:20]} 9. d4 {[%emt 0:01:14]} e5 {[%emt 0:01:59]} 10. dxe5 {[%emt 0:09:07]} dxe5 {[%emt 0:00:47]} 11. c4 {[%emt 0:00:26]} b5 {[%emt 0:23:37]} 12. Nc3 {[%emt 0:06:27]} bxc4 {[%emt 0:13:48]} 13. Qe2 {[%emt 0:06:50]} Bb7 {[%emt 0:12:11]} 14. Qxc4 {[%emt 0:06:25]} Nb6 {[%emt 0:02:46]} 15. Qe2 {[%emt 0:00:28]} Qc7 {[%emt 0:09:58]} 16. Be3 {[%emt 0:19:04]} Rfe8 {[%emt 0:02:57]} 17. Nd2 {[%emt 0:02:43]} Rac8 {[%emt 0:07:20]} 18. Bb3 {[%emt 0:03:20]} Nfd7 {[%emt 0:02:56]} 19. Rac1 {[%emt 0:05:22]} Nb8 {[%emt 0:00:00]} 20. Nc4 {[%emt 0:03:25]} Nxc4 {[%emt 0:00:16]} 21. Qxc4 {[%emt 0:06:35]} Bf8 {[%emt 0:00:26]} 22. Na4 {[%emt 0:03:02]} Nc6 {[%emt 0:00:37]} 23. Nxc5 {[%emt 0:07:06]} Na5 {[%emt 0:00:18]} 24. Qe2 {[%emt 0:03:47]} Nxb3 {[%emt 0:00:36]} 25. Nxb3 {[%emt 0:00:17]} Qd6 {[%emt 0:00:42]} 26. Bc5 {[%emt 0:00:53]} Qg6 {[%emt 0:00:30]} 27. Bxf8 {[%emt 0:00:35]} Rxc1 {[%emt 0:00:06]} 28. Nxc1 {[%emt 0:02:17]} Kxf8 {[%emt 0:00:51]} 29. Nd3 {[%emt 0:01:07]} Qb6 {[%emt 0:00:32]} 30. Rc1 {[%emt 0:05:43]} Qd4 {[%emt 0:00:25]} 31. Nc5 {[%emt 0:00:59]} Rc8 {[%emt 0:00:12]} 32. Rc4 {[%emt 0:02:52]} Qxc5 {[%emt 0:00:53]} 33. Rxc5 {[%emt 0:00:04]} Rxc5 {[%emt 0:00:02]} 34. f3 {[%emt 0:00:34]} Ke7 {[%emt 0:00:19]} 35. Qd2 {[%emt 0:00:09]} Rc7 {[%emt 0:00:12]} 36. Qg5+ {[%emt 0:00:25]} Ke6 {[%emt 0:00:18]} 37. a4 {[%emt 0:02:38]} f6 {[%emt 0:00:12]} 38. Qf5+ {[%emt 0:00:08]} Kf7 {[%emt 0:00:07]} 39. Qh5+ {[%emt 0:00:59]} Kf8 {[%emt 0:00:09]} 40. b4 {[%emt 0:00:00]} Rc1+ {[%emt 0:00:00]} 41. Kf2 {[%emt 0:00:50]} Rb1 {[%emt 0:00:32]} 42. Qxh7 {[%emt 0:02:47]} Rxb4 {[%emt 0:00:06]} 43. Qh8+ {[%emt 0:00:33]} Kf7 {[%emt 0:00:07]} 44. Qb8 {[%emt 0:00:40]} Kg6 {[%emt 0:00:24]} 45. Kg3 {[%emt 0:02:52]} Rb2 {[%emt 0:01:37]} 46. h4 {[%emt 0:00:48]} a5 {[%emt 0:00:47]} 47. Qe8+ {[%emt 0:03:40]} Kh7 {[%emt 0:00:08]} 48. h5 {[%emt 0:00:48]} Rb4 {[%emt 0:00:23]} 49. Qg6+ {[%emt 0:00:23]} Kh8 {[%emt 0:00:02]} 50. h6 {[%emt 0:00:07]} 1-0